| 000 | 00542cam a2200205 4500 | ||
|---|---|---|---|
| 001 | 2641476 | ||
| 005 | 20180302072806.0 | ||
| 008 | 700725s1965 pauab b 001 0 eng | ||
| 010 | _a 65023807 | ||
| 040 |
_aDLC _cDLC _dDLC |
||
| 041 | _aeng | ||
| 080 | _a628 CLA | ||
| 082 | 0 | 0 | _a628 CLA |
| 100 | 1 | _a27 | |
| 101 | _aIM | ||
| 245 | 1 | 0 |
_aWater supply and pollution control _c[by] John W. Clark [and] Warren Viessman, Jr. |
| 504 | _aIncludes bibliographies. | ||
| 906 |
_a7 _bcbc _corignew _du _encip _f19 _gy-gencatlg |
||
| 942 |
_2ddc _cBK |
||
| 999 |
_c44050 _d44050 |
||